[Event "EUCC 2023 - U12"]
[Site "Kouty nad Desnou"]
[Date "2023.08.20"]
[Round "5.14"]
[White "Lottiau, Nathan"]
[Black "Barteckova, Nikol"]
[Result "0-1"]
[BlackElo "1268"]
[WhiteElo "1025"]
[LiveChessVersion "1.4.8"]

1. e4 {[%clk 1:30:58]} c5 {[%clk 1:30:56]} 2. d4 {[%clk 1:31:21]} cxd4
{[%clk 1:31:17]} 3. c3 {[%clk 1:31:45]} g6 {[%clk 1:29:42]} 4. cxd4
{[%clk 1:30:55]} d5 {[%clk 1:29:02]} 5. exd5 {[%clk 1:30:17]} Nf6
{[%clk 1:27:32]} 6. Nc3 {[%clk 1:26:53]} Nxd5 {[%clk 1:24:46]} 7. Bc4
{[%clk 1:26:06]} Nb6 {[%clk 1:11:03]} 8. Bb3 {[%clk 1:25:12]} Bg7
{[%clk 1:10:02]} 9. Nf3 {[%clk 1:24:07]} O-O {[%clk 1:05:25]} 10. Bf4
{[%clk 1:22:04]} Bf5 {[%clk 0:53:30]} 11. O-O {[%clk 1:20:48]} a6
{[%clk 0:48:19]} 12. Re1 {[%clk 1:18:27]} N8d7 {[%clk 0:43:16]} 13. Rc1
{[%clk 1:13:12]} Rc8 {[%clk 0:39:36]} 14. Ne5 {[%clk 1:11:49]} Nxe5
{[%clk 0:37:54]} 15. Bxe5 {[%clk 1:10:58]} Nc4 {[%clk 0:33:48]} 16. Bxg7
{[%clk 1:08:36]} Kxg7 17. Bxc4 {[%clk 1:06:34]} Rxc4 {[%clk 0:34:13]} 18. d5
{[%clk 1:06:12]} b5 {[%clk 0:31:19]} 19. b3 {[%clk 1:04:19]} Rc7 {[%clk 0:30:45]}
20. Qd4+ {[%clk 1:01:51]} Kg8 {[%clk 0:30:33]} 21. Qb6 {[%clk 1:01:05]} Qb8
{[%clk 0:25:46]} 22. Qxa6 {[%clk 1:01:04]} Bd3 {[%clk 0:21:40]} 23. Red1
{[%clk 0:59:18]} Ra7 {[%clk 0:20:33]} 24. Qc6 {[%clk 0:56:58]} Rc8
{[%clk 0:20:59]} 25. Qxc8+ {[%clk 0:56:39]} Qxc8 {[%clk 0:21:22]} 26. Rxd3
{[%clk 0:56:59]} b4 {[%clk 0:21:28]} 27. Ne2 {[%clk 0:57:05]} Rc7
{[%clk 0:21:07]} 28. Rcd1 {[%clk 0:56:31]} Rc2 {[%clk 0:21:19]} 29. d6
{[%clk 0:51:37]} exd6 {[%clk 0:20:48]} 30. Rxd6 {[%clk 0:51:23]} Kg7
{[%clk 0:21:10]} 31. Kf1 {[%clk 0:50:23]} Rxa2 {[%clk 0:18:59]} 32. Rb6
{[%clk 0:49:48]} Qc2 {[%clk 0:18:49]} 33. Re1 {[%clk 0:49:35]} Qxb3
{[%clk 0:16:31]} 34. Rd6 {[%clk 0:49:52]} Qc2 {[%clk 0:16:17]} 35. Rdd1
{[%clk 0:49:52]} b3 {[%clk 0:15:58]} 36. Rc1 {[%clk 0:49:01]} Qf5
{[%clk 0:16:07]} 37. Rcd1 {[%clk 0:48:39]} Qb5 {[%clk 0:16:08]} 38. Rc1
{[%clk 0:48:38]} b2 {[%clk 0:16:30]} 39. Rcd1 {[%clk 0:48:55]} Qa5
{[%clk 0:12:10]} 40. Rb1 {[%clk 0:48:02]} Ra1 {[%clk 0:11:47]} 41. Rbd1
{[%clk 0:47:24]} Rxd1 {[%clk 0:11:40]} 42. Rxd1 {[%clk 0:47:18]} Qa1
{[%clk 0:11:51]} 43. Nc3 {[%clk 0:46:01]} Qxd1+ 44. Nxd1 {[%clk 0:46:24]} b1=Q
{[%clk 0:12:38]} 45. Ke1 {[%clk 0:46:44]} Qb7 {[%clk 0:12:57]} 46. f3
{[%clk 0:46:54]} Qb4+ {[%clk 0:13:13]} 47. Kf1 {[%clk 0:46:59]} Qd2
{[%clk 0:13:20]} 48. Nf2 {[%clk 0:47:14]} f5 {[%clk 0:13:33]} 49. h4
{[%clk 0:47:29]} Qf4 {[%clk 0:13:42]} 50. h5 {[%clk 0:47:20]} gxh5
{[%clk 0:14:02]} 51. g4 {[%clk 0:47:22]} hxg4 {[%clk 0:14:15]} 52. fxg4
{[%clk 0:47:43]} fxg4 {[%clk 0:14:38]} 53. Kg1 {[%clk 0:48:03]} h5
{[%clk 0:14:42]} 54. Kh1 {[%clk 0:48:04]} Qc1+ {[%clk 0:14:18]} 55. Kh2
{[%clk 0:48:21]} Qd2 {[%clk 0:14:35]} 56. Kh1 {[%clk 0:48:38]} Qe1+
{[%clk 0:14:41]} 57. Kg2 {[%clk 0:48:47]} Qxf2+ {[%clk 0:14:56]} 58. Kh1
{[%clk 0:48:29]} Qa2 {[%clk 0:15:12]} 59. Kg1 {[%clk 0:48:49]} h4
{[%clk 0:15:35]} 60. Kh1 {[%clk 0:49:08]} h3 {[%clk 0:15:58]} 61. Kg1
{[%clk 0:48:50]} Qg2# 0-1

[Event "EUCC 2023 - U12"]
[Site "Kouty nad Desnou"]
[Date "2023.08.21"]
[Round "6.1"]
[White "Tureshbayev, Anuar"]
[Black "Constantinoiu, Alexandru Ioan"]
[Result "0-1"]
[BlackElo "1687"]
[WhiteElo "1826"]
[LiveChessVersion "1.4.8"]

1. e4 {[%clk 1:30:59]} c5 {[%clk 1:30:51]} 2. Nf3 {[%clk 1:31:25]} d6
{[%clk 1:31:15]} 3. d4 {[%clk 1:31:50]} cxd4 {[%clk 1:31:37]} 4. Nxd4
{[%clk 1:32:15]} Nf6 {[%clk 1:31:58]} 5. Nc3 {[%clk 1:32:42]} a6 {[%clk 1:32:20]}
6. a3 {[%clk 1:33:09]} e6 {[%clk 1:32:27]} 7. g4 {[%clk 1:33:34]} h6
{[%clk 1:30:31]} 8. h4 {[%clk 1:32:26]} Nc6 {[%clk 1:28:13]} 9. Rg1
{[%clk 1:29:40]} d5 {[%clk 1:21:25]} 10. exd5 {[%clk 1:27:50]} Nxd5
{[%clk 1:20:34]} 11. Nxd5 {[%clk 1:28:06]} exd5 {[%clk 1:14:04]} 12. Bg2
{[%clk 1:26:00]} Be7 {[%clk 1:05:05]} 13. Nxc6 {[%clk 1:18:37]} bxc6
{[%clk 1:05:25]} 14. Be3 {[%clk 1:18:10]} Be6 {[%clk 0:57:09]} 15. Qe2
{[%clk 1:12:57]} Qa5+ {[%clk 0:55:08]} 16. Bd2 {[%clk 1:10:40]} Qb5
{[%clk 0:52:19]} 17. Qe3 {[%clk 1:10:05]} O-O {[%clk 0:40:25]} 18. O-O-O
{[%clk 1:08:36]} Bxh4 {[%clk 0:35:22]} 19. Bc3 {[%clk 1:03:42]} Qa4
{[%clk 0:32:49]} 20. Rd4 {[%clk 1:02:12]} Qb5 {[%clk 0:31:09]} 21. g5
{[%clk 0:58:16]} Bxg5 {[%clk 0:23:25]} 22. f4 {[%clk 0:58:38]} Bf6
{[%clk 0:21:06]} 23. Rb4 {[%clk 0:58:38]} d4 {[%clk 0:18:47]} 24. Rxb5
{[%clk 0:34:42]} dxe3 {[%clk 0:18:33]} 25. Bxf6 {[%clk 0:34:03]} axb5
{[%clk 0:17:11]} 26. Bxc6 {[%clk 0:34:26]} g6 {[%clk 0:16:50]} 27. Bxa8
{[%clk 0:34:45]} Rxa8 {[%clk 0:17:15]} 28. Re1 {[%clk 0:35:05]} Ra4
{[%clk 0:15:43]} 29. b4 {[%clk 0:28:42]} Rxa3 {[%clk 0:15:18]} 30. Kb2
{[%clk 0:27:26]} Ra2+ {[%clk 0:14:59]} 31. Kc3 {[%clk 0:25:04]} Bf5
{[%clk 0:14:43]} 32. Re2 {[%clk 0:25:06]} Ra6 {[%clk 0:11:02]} 33. Bd4
{[%clk 0:24:18]} Re6 {[%clk 0:09:45]} 34. Rxe3 {[%clk 0:23:46]} Rxe3+
{[%clk 0:09:33]} 35. Bxe3 {[%clk 0:24:07]} f6 {[%clk 0:09:20]} 36. Kd2
{[%clk 0:23:16]} h5 {[%clk 0:09:10]} 37. c3 {[%clk 0:22:00]} Be6 {[%clk 0:09:24]}
38. Ke2 {[%clk 0:22:15]} Kf7 {[%clk 0:09:30]} 39. Kf3 {[%clk 0:22:21]} Bd5+
{[%clk 0:08:51]} 40. Kg3 {[%clk 0:22:44]} Ke6 {[%clk 0:09:12]} 41. Kh4
{[%clk 0:23:03]} Kf5 {[%clk 0:09:19]} 42. Bd4 {[%clk 0:20:38]} Bc4
{[%clk 0:06:14]} 43. Be3 {[%clk 0:20:29]} Be2 {[%clk 0:05:12]} 44. Bd4
{[%clk 0:20:46]} g5+ {[%clk 0:04:22]} 45. Kg3 {[%clk 0:17:16]} h4+
{[%clk 0:03:01]} 46. Kf2 {[%clk 0:17:00]} Bd1 {[%clk 0:01:52]} 47. fxg5
{[%clk 0:16:59]} fxg5 {[%clk 0:02:00]} 48. Bc5 {[%clk 0:15:51]} g4
{[%clk 0:02:06]} 49. Be7 {[%clk 0:16:04]} g3+ {[%clk 0:02:04]} 50. Ke1
{[%clk 0:16:30]} h3 {[%clk 0:01:55]} 0-1

[Event "EUCC 2023 - U12"]
[Site "Kouty nad Desnou"]
[Date "2023.08.21"]
[Round "6.2"]
[White "Dodoi, Matei-Teodor"]
[Black "Ochedzan, Filip"]
[Result "1-0"]
[BlackElo "1711"]
[WhiteElo "1884"]
[LiveChessVersion "1.4.8"]

1. d4 {[%clk 1:30:57]} Nf6 {[%clk 1:30:49]} 2. c4 {[%clk 1:31:20]} e6
{[%clk 1:31:14]} 3. Nf3 {[%clk 1:31:41]} Bb4+ {[%clk 1:31:37]} 4. Bd2
{[%clk 1:32:01]} Qe7 {[%clk 1:31:54]} 5. e3 {[%clk 1:32:14]} Bxd2+
{[%clk 1:31:29]} 6. Qxd2 {[%clk 1:31:48]} d6 {[%clk 1:30:27]} 7. Nc3
{[%clk 1:31:40]} O-O {[%clk 1:26:11]} 8. Bd3 {[%clk 1:30:10]} e5 {[%clk 1:25:21]}
9. Bc2 {[%clk 1:30:21]} h6 {[%clk 1:10:05]} 10. e4 {[%clk 1:14:03]} b6
{[%clk 0:58:32]} 11. d5 {[%clk 1:07:26]} Ne8 {[%clk 0:55:55]} 12. O-O-O
{[%clk 1:02:01]} a6 {[%clk 0:53:08]} 13. Kb1 {[%clk 0:55:33]} Bd7
{[%clk 0:48:08]} 14. Qe2 {[%clk 0:53:34]} g6 {[%clk 0:42:48]} 15. h4
{[%clk 0:44:55]} Ng7 {[%clk 0:40:16]} 16. Nd2 {[%clk 0:39:34]} Qe8
{[%clk 0:35:01]} 17. Qe3 {[%clk 0:35:22]} Kh7 {[%clk 0:34:53]} 18. f4
{[%clk 0:34:37]} exf4 {[%clk 0:23:41]} 19. Qxf4 {[%clk 0:34:54]} Qe5
{[%clk 0:22:24]} 20. Qxe5 {[%clk 0:20:27]} dxe5 {[%clk 0:22:52]} 21. Nf3
{[%clk 0:20:48]} f6 {[%clk 0:20:58]} 22. d6 {[%clk 0:20:00]} c6 {[%clk 0:20:04]}
23. Na4 {[%clk 0:19:00]} b5 {[%clk 0:19:59]} 24. Nc5 {[%clk 0:13:48]} Ne6
{[%clk 0:15:57]} 25. Nxd7 {[%clk 0:08:45]} Nxd7 {[%clk 0:16:25]} 26. h5
{[%clk 0:09:04]} g5 {[%clk 0:15:49]} 27. cxb5 {[%clk 0:07:05]} axb5
{[%clk 0:15:58]} 28. b4 {[%clk 0:04:48]} Rfd8 {[%clk 0:13:33]} 29. Bb3
{[%clk 0:04:27]} Ng7 {[%clk 0:13:07]} 30. Rc1 {[%clk 0:02:40]} Nb8
{[%clk 0:13:22]} 31. Bf7 {[%clk 0:02:02]} Ra7 {[%clk 0:11:35]} 32. Bg6+
{[%clk 0:02:28]} Kg8 {[%clk 0:11:55]} 33. Rhd1 {[%clk 0:01:17]} Rad7
{[%clk 0:12:12]} 34. Nh2 {[%clk 0:01:30]} Ne8 {[%clk 0:09:26]} 35. Ng4
{[%clk 0:01:37]} Kg7 {[%clk 0:09:29]} 36. Bxe8 {[%clk 0:01:14]} Rxe8
{[%clk 0:09:50]} 37. Ne3 {[%clk 0:01:41]} Re6 {[%clk 0:07:02]} 38. Nf5+
{[%clk 0:01:40]} Kh7 {[%clk 0:07:21]} 39. Rc3 {[%clk 0:01:48]} Ra7
{[%clk 0:06:28]} 40. Rdd3 {[%clk 0:01:31]} Rd7 {[%clk 0:05:16]} 41. Ra3
{[%clk 0:01:28]} Re8 {[%clk 0:05:31]} 42. g4 {[%clk 0:01:23]} Red8
{[%clk 0:05:40]} 43. Ra8 {[%clk 0:01:36]} Rf8 {[%clk 0:04:06]} 44. Rda3
{[%clk 0:01:24]} Rfd8 {[%clk 0:04:15]} 45. Kc2 {[%clk 0:01:23]} Kh8
{[%clk 0:04:28]} 46. Nxh6 {[%clk 0:01:35]} Kg7 {[%clk 0:04:25]} 47. Nf5+
{[%clk 0:01:58]} Kf7 {[%clk 0:03:46]} 48. h6 {[%clk 0:01:19]} Kg6
{[%clk 0:03:17]} 49. R3a7 {[%clk 0:01:10]} Rxa7 {[%clk 0:03:33]} 50. Rxa7
{[%clk 0:01:39]} Rd7 {[%clk 0:03:55]} 51. Rc7 {[%clk 0:01:40]} Kh7
{[%clk 0:03:33]} 52. Kb3 {[%clk 0:01:41]} Kg6 {[%clk 0:03:31]} 53. a4
{[%clk 0:01:52]} Rf7 {[%clk 0:03:06]} 54. Rxf7 {[%clk 0:01:49]} Kxf7
{[%clk 0:03:34]} 55. h7 {[%clk 0:02:12]} Kg6 {[%clk 0:03:57]} 56. h8=Q
{[%clk 0:02:25]} Nd7 {[%clk 0:04:19]} 57. Qg7# {[%clk 0:02:48]} 1-0

[Event "EUCC 2023 - U12"]
[Site "Kouty nad Desnou"]
[Date "2023.08.21"]
[Round "6.3"]
[White "Jakubse, Tamae Severina"]
[Black "Komarek, Tobias"]
[Result "1-0"]
[BlackElo "1633"]
[WhiteElo "1301"]
[LiveChessVersion "1.4.8"]

1. e4 {[%clk 1:30:59]} c5 {[%clk 1:30:53]} 2. c3 {[%clk 1:31:23]} Nf6
{[%clk 1:30:58]} 3. e5 {[%clk 1:31:46]} Nd5 {[%clk 1:31:23]} 4. Nf3
{[%clk 1:32:10]} e6 {[%clk 1:31:17]} 5. d4 {[%clk 1:32:33]} cxd4 {[%clk 1:31:40]}
6. cxd4 {[%clk 1:32:57]} b6 {[%clk 1:31:59]} 7. Nc3 {[%clk 1:33:21]} Nxc3
{[%clk 1:32:19]} 8. bxc3 {[%clk 1:33:46]} Qc7 {[%clk 1:32:00]} 9. Bd2
{[%clk 1:34:09]} Bb7 {[%clk 1:32:24]} 10. Bd3 {[%clk 1:34:31]} d6
{[%clk 1:30:50]} 11. O-O {[%clk 1:34:52]} Nd7 {[%clk 1:30:43]} 12. Ng5
{[%clk 1:33:43]} g6 {[%clk 1:24:03]} 13. f4 {[%clk 1:31:02]} Bg7 {[%clk 1:23:50]}
14. Qg4 {[%clk 1:26:12]} Bd5 {[%clk 1:11:25]} 15. Be4 {[%clk 1:16:08]} Qc6
{[%clk 1:01:39]} 16. Qf3 {[%clk 1:07:55]} Bxe4 {[%clk 0:51:37]} 17. Nxe4
{[%clk 1:06:10]} d5 {[%clk 0:50:41]} 18. Nd6+ {[%clk 1:06:07]} Ke7
{[%clk 0:49:51]} 19. c4 {[%clk 1:00:43]} Rhd8 {[%clk 0:35:03]} 20. cxd5
{[%clk 0:52:03]} Qxd5 {[%clk 0:35:12]} 21. Qxd5 {[%clk 0:52:14]} exd5
{[%clk 0:35:31]} 22. f5 {[%clk 0:52:09]} f6 {[%clk 0:25:30]} 23. Bb4
{[%clk 0:39:32]} a5 {[%clk 0:19:24]} 24. Ba3 {[%clk 0:38:37]} Rg8
{[%clk 0:16:12]} 25. fxg6 {[%clk 0:34:26]} hxg6 {[%clk 0:14:25]} 26. Nf5+
{[%clk 0:33:31]} Kf7 {[%clk 0:13:28]} 27. e6+ {[%clk 0:32:40]} Kxe6
{[%clk 0:12:42]} 28. Rae1+ {[%clk 0:32:57]} Ne5 {[%clk 0:12:45]} 29. Nxg7+
{[%clk 0:32:19]} Rxg7 {[%clk 0:12:54]} 30. dxe5 {[%clk 0:32:36]} fxe5
{[%clk 0:13:19]} 31. Bb2 {[%clk 0:32:16]} 1-0

[Event "EUCC 2023 - U12"]
[Site "Kouty nad Desnou"]
[Date "2023.08.21"]
[Round "6.4"]
[White "Rudlof, Adam"]
[Black "Popzafirov, Danail"]
[Result "0-1"]
[BlackElo "1885"]
[WhiteElo "1641"]
[LiveChessVersion "1.4.8"]

1. e4 {[%clk 1:30:54]} c5 {[%clk 1:30:59]} 2. Nf3 {[%clk 1:31:10]} e6
{[%clk 1:31:23]} 3. d4 {[%clk 1:31:36]} cxd4 {[%clk 1:31:49]} 4. Nxd4
{[%clk 1:32:00]} Nf6 {[%clk 1:32:14]} 5. Nc3 {[%clk 1:32:25]} Nc6
{[%clk 1:32:40]} 6. Ndb5 {[%clk 1:32:49]} d6 {[%clk 1:33:03]} 7. Bf4
{[%clk 1:33:14]} e5 {[%clk 1:33:28]} 8. Bg5 {[%clk 1:33:41]} a6 {[%clk 1:33:53]}
9. Na3 {[%clk 1:34:07]} b5 {[%clk 1:34:17]} 10. Nd5 {[%clk 1:34:34]} Be7
{[%clk 1:34:42]} 11. Bxf6 {[%clk 1:34:59]} Bxf6 {[%clk 1:35:03]} 12. c3
{[%clk 1:35:24]} Bg5 {[%clk 1:35:28]} 13. Nc2 {[%clk 1:35:45]} Be6
{[%clk 1:35:46]} 14. a4 {[%clk 1:33:09]} bxa4 {[%clk 1:31:03]} 15. Rxa4
{[%clk 1:33:31]} O-O {[%clk 1:31:02]} 16. Bc4 {[%clk 1:26:27]} a5
{[%clk 1:12:35]} 17. Nce3 {[%clk 1:25:49]} Rb8 {[%clk 1:11:23]} 18. b3
{[%clk 1:26:13]} Bxe3 {[%clk 0:53:54]} 19. Nxe3 {[%clk 1:26:28]} Qb6
{[%clk 0:54:18]} 20. Nd5 {[%clk 1:04:29]} Qc5 {[%clk 0:50:35]} 21. O-O
{[%clk 0:58:27]} h6 {[%clk 0:38:56]} 22. Qd2 {[%clk 0:45:47]} Rfd8
{[%clk 0:36:46]} 23. Re1 {[%clk 0:39:09]} Bxd5 {[%clk 0:32:34]} 24. Qxd5
{[%clk 0:36:34]} Rd7 {[%clk 0:30:54]} 25. Qxc5 {[%clk 0:31:56]} dxc5
{[%clk 0:31:21]} 26. Bd5 {[%clk 0:31:52]} Ne7 {[%clk 0:31:45]} 27. Rxa5
{[%clk 0:24:39]} Nxd5 {[%clk 0:32:04]} 28. exd5 {[%clk 0:25:01]} Rxd5
{[%clk 0:32:27]} 29. b4 {[%clk 0:25:06]} Rbd8 {[%clk 0:32:52]} 30. Rxc5
{[%clk 0:24:12]} Rxc5 {[%clk 0:33:17]} 31. bxc5 {[%clk 0:24:37]} Rd5
{[%clk 0:33:42]} 32. f3 {[%clk 0:22:24]} Rxc5 {[%clk 0:34:05]} 33. Rc1
{[%clk 0:22:49]} Kf8 {[%clk 0:34:16]} 34. Kf2 {[%clk 0:22:58]} Ke7
{[%clk 0:34:40]} 35. Ke3 {[%clk 0:22:20]} Ke6 {[%clk 0:34:41]} 36. c4
{[%clk 0:21:38]} Ra5 {[%clk 0:34:44]} 37. Rc2 {[%clk 0:14:46]} Ra3+
{[%clk 0:34:37]} 38. Kd2 {[%clk 0:14:18]} Kd6 {[%clk 0:34:39]} 39. Ke2
{[%clk 0:12:55]} Kc5 {[%clk 0:34:09]} 40. h3 {[%clk 0:12:40]} Ra6
{[%clk 0:30:22]} 41. Ke3 {[%clk 0:12:20]} f5 {[%clk 0:30:40]} 42. g4
{[%clk 0:10:20]} Ra3+ {[%clk 0:31:05]} 43. Ke2 {[%clk 0:02:36]} e4
{[%clk 0:22:15]} 44. fxe4 {[%clk 0:01:45]} fxe4 {[%clk 0:22:35]} 45. h4
{[%clk 0:01:56]} Rh3 {[%clk 0:22:44]} 46. Rc1 {[%clk 0:01:08]} Rxh4
{[%clk 0:22:57]} 47. g5 {[%clk 0:01:21]} h5 {[%clk 0:22:34]} 48. Ke3
{[%clk 0:00:55]} Rg4 {[%clk 0:22:44]} 49. Rh1 g6 {[%clk 0:23:05]} 50. Rc1
{[%clk 0:00:51]} h4 {[%clk 0:22:55]} 51. Rc2 {[%clk 0:01:04]} Rxg5
{[%clk 0:23:08]} 52. Kxe4 {[%clk 0:01:27]} Rg3 {[%clk 0:23:22]} 53. Rh2
{[%clk 0:00:59]} g5 {[%clk 0:23:47]} 54. Rc2 {[%clk 0:01:11]} h3 {[%clk 0:24:06]}
55. Kf5 {[%clk 0:00:56]} Rg2 {[%clk 0:24:26]} 56. Rc1 {[%clk 0:00:37]} h2
{[%clk 0:24:49]} 57. Rh1 {[%clk 0:01:03]} g4 {[%clk 0:25:18]} 58. Kf4
{[%clk 0:01:00]} g3 {[%clk 0:25:47]} 0-1

[Event "EUCC 2023 - U12"]
[Site "Kouty nad Desnou"]
[Date "2023.08.21"]
[Round "6.5"]
[White "Sensoy, Emir"]
[Black "Muller-Moingt, Bastien"]
[Result "0-1"]
[BlackElo "1858"]
[WhiteElo "1416"]
[LiveChessVersion "1.4.8"]

1. e4 {[%clk 1:30:56]} e6 {[%clk 1:30:57]} 2. d4 {[%clk 1:31:21]} d5
{[%clk 1:31:25]} 3. e5 {[%clk 1:31:48]} c5 {[%clk 1:31:45]} 4. c3
{[%clk 1:31:57]} Qb6 {[%clk 1:32:11]} 5. Nf3 {[%clk 1:32:10]} Nc6
{[%clk 1:32:29]} 6. Bd3 {[%clk 1:32:06]} cxd4 {[%clk 1:32:23]} 7. cxd4
{[%clk 1:32:26]} Bd7 {[%clk 1:32:51]} 8. O-O {[%clk 1:32:02]} Nxd4
{[%clk 1:30:21]} 9. Nbd2 {[%clk 1:32:08]} Nc6 {[%clk 1:26:37]} 10. Nb3
{[%clk 1:31:00]} Rc8 {[%clk 1:24:57]} 11. Be3 {[%clk 1:29:02]} Qd8
{[%clk 1:25:21]} 12. Nbd4 {[%clk 1:27:56]} Nb4 {[%clk 1:13:03]} 13. Be2
{[%clk 1:14:26]} a6 {[%clk 1:06:49]} 14. a3 {[%clk 1:12:26]} Nc6 {[%clk 1:07:07]}
15. b4 {[%clk 1:06:30]} Nxd4 {[%clk 0:56:32]} 16. Nxd4 {[%clk 1:04:02]} Ne7
{[%clk 0:54:56]} 17. b5 {[%clk 0:59:33]} axb5 {[%clk 0:51:34]} 18. Nxb5
{[%clk 0:59:48]} Nf5 {[%clk 0:51:58]} 19. Qb3 {[%clk 0:44:25]} Nxe3
{[%clk 0:47:50]} 20. Qxe3 {[%clk 0:44:19]} Bc5 {[%clk 0:45:29]} 21. Qg3
{[%clk 0:33:47]} O-O {[%clk 0:45:17]} 22. Rfc1 {[%clk 0:32:56]} f6
{[%clk 0:36:17]} 23. Nd6 {[%clk 0:29:23]} Bxd6 {[%clk 0:34:00]} 24. exd6
{[%clk 0:29:48]} Rc6 {[%clk 0:32:09]} 25. Rxc6 {[%clk 0:26:34]} Bxc6
{[%clk 0:32:32]} 26. a4 {[%clk 0:25:38]} e5 {[%clk 0:24:42]} 27. Qa3
{[%clk 0:25:41]} Qd7 {[%clk 0:24:01]} 28. Rb1 {[%clk 0:16:19]} Bxa4
{[%clk 0:17:18]} 29. Qc5 {[%clk 0:09:56]} Bc6 {[%clk 0:17:13]} 30. Rd1
{[%clk 0:07:35]} Rd8 {[%clk 0:16:54]} 31. Rxd5 {[%clk 0:06:34]} Bxd5
{[%clk 0:17:08]} 32. Qxd5+ {[%clk 0:07:00]} Kh8 {[%clk 0:16:52]} 33. h3
{[%clk 0:07:11]} b6 {[%clk 0:16:58]} 34. Bh5 {[%clk 0:05:25]} Qxd6
{[%clk 0:17:00]} 35. Qb5 {[%clk 0:04:03]} Qc5 {[%clk 0:16:36]} 36. Qb2
{[%clk 0:02:55]} Qd4 {[%clk 0:16:13]} 37. Qb5 {[%clk 0:02:27]} Qc5
{[%clk 0:14:41]} 38. Qa4 {[%clk 0:01:51]} Qc1+ {[%clk 0:14:45]} 39. Kh2
{[%clk 0:01:53]} Qf4+ {[%clk 0:15:13]} 40. Qxf4 {[%clk 0:02:16]} exf4
{[%clk 0:15:42]} 41. g3 {[%clk 0:02:11]} fxg3+ {[%clk 0:16:07]} 42. fxg3
{[%clk 0:02:31]} Rd2+ {[%clk 0:16:32]} 43. Kg1 {[%clk 0:02:50]} b5
{[%clk 0:17:00]} 44. Bf7 {[%clk 0:02:55]} b4 {[%clk 0:17:24]} 45. Kf1
{[%clk 0:03:11]} Rb2 {[%clk 0:17:41]} 46. g4 {[%clk 0:03:19]} b3 {[%clk 0:18:06]}
47. g5 {[%clk 0:03:36]} fxg5 {[%clk 0:18:19]} 48. h4 {[%clk 0:03:17]} g4
{[%clk 0:18:38]} 49. h5 {[%clk 0:03:36]} Rb1+ {[%clk 0:19:01]} 50. Ke2
{[%clk 0:04:02]} b2 {[%clk 0:19:27]} 51. Ba2 {[%clk 0:04:26]} Ra1
{[%clk 0:19:51]} 0-1

[Event "EUCC 2023 - U12"]
[Site "Kouty nad Desnou"]
[Date "2023.08.21"]
[Round "6.6"]
[White "Alcantara, Eliyakim"]
[Black "Ge, Charlene"]
[Result "1/2-1/2"]
[BlackElo "1598"]
[WhiteElo "1534"]
[LiveChessVersion "1.4.8"]

1. d4 {[%clk 1:30:53]} d5 {[%clk 1:30:53]} 2. Nf3 {[%clk 1:31:16]} Nf6
{[%clk 1:31:16]} 3. e3 {[%clk 1:31:42]} c5 {[%clk 1:31:29]} 4. c3
{[%clk 1:31:53]} e6 {[%clk 1:30:36]} 5. Nbd2 {[%clk 1:32:12]} Nc6
{[%clk 1:30:18]} 6. Bd3 {[%clk 1:32:33]} cxd4 {[%clk 1:28:44]} 7. exd4
{[%clk 1:32:13]} Bd6 {[%clk 1:27:59]} 8. O-O {[%clk 1:31:28]} O-O
{[%clk 1:28:12]} 9. Re1 {[%clk 1:31:25]} Qc7 {[%clk 1:25:21]} 10. Nf1
{[%clk 1:31:30]} e5 {[%clk 1:20:09]} 11. dxe5 {[%clk 1:31:35]} Nxe5
{[%clk 1:19:42]} 12. Nxe5 {[%clk 1:31:57]} Bxe5 {[%clk 1:19:58]} 13. Bg5
{[%clk 1:31:32]} h6 {[%clk 1:12:02]} 14. Bh4 {[%clk 1:31:08]} Be6
{[%clk 1:07:07]} 15. Qe2 {[%clk 1:29:48]} Nd7 {[%clk 1:05:34]} 16. Bc2
{[%clk 1:29:34]} Qc4 {[%clk 1:02:57]} 17. Qxc4 {[%clk 1:28:42]} dxc4
{[%clk 1:03:17]} 18. Ba4 {[%clk 1:28:55]} Nc5 {[%clk 0:47:01]} 19. Bc2
{[%clk 1:29:14]} f6 {[%clk 0:46:22]} 20. f4 {[%clk 1:28:50]} Bd6 {[%clk 0:45:42]}
21. Bf2 {[%clk 1:27:55]} Rac8 {[%clk 0:32:26]} 22. Rad1 {[%clk 1:22:33]} Rfd8
{[%clk 0:32:34]} 23. Kh1 {[%clk 1:20:18]} Bf7 {[%clk 0:28:25]} 24. Ng3
{[%clk 1:15:07]} Nd3 {[%clk 0:24:20]} 25. Bxd3 {[%clk 1:14:31]} cxd3
{[%clk 0:24:48]} 26. Nf5 {[%clk 1:09:52]} Kf8 {[%clk 0:23:45]} 27. Rxd3
{[%clk 1:01:22]} Bxf4 1/2-1/2

[Event "EUCC 2023 - U12"]
[Site "Kouty nad Desnou"]
[Date "2023.08.21"]
[Round "6.7"]
[White "Kozdon, Marek"]
[Black "Nieminen, Oliver"]
[Result "0-1"]
[BlackElo "1574"]
[WhiteElo "1233"]
[LiveChessVersion "1.4.8"]

1. d4 {[%clk 1:30:53]} d5 {[%clk 1:30:55]} 2. Nf3 {[%clk 1:30:52]} Nf6
{[%clk 1:31:18]} 3. c4 {[%clk 1:30:57]} e6 {[%clk 1:31:42]} 4. Nc3
{[%clk 1:31:08]} c6 {[%clk 1:32:03]} 5. Bf4 {[%clk 1:31:12]} dxc4
{[%clk 1:32:22]} 6. e3 {[%clk 1:31:04]} b5 {[%clk 1:32:45]} 7. a4
{[%clk 1:30:25]} Bb4 {[%clk 1:33:03]} 8. axb5 {[%clk 1:29:37]} cxb5
{[%clk 1:33:22]} 9. Nd2 {[%clk 1:26:00]} Qb6 {[%clk 1:30:27]} 10. Be2
{[%clk 1:24:28]} Bb7 {[%clk 1:30:21]} 11. O-O {[%clk 1:24:20]} O-O
{[%clk 1:30:19]} 12. Bf3 {[%clk 1:23:44]} Bxc3 {[%clk 1:26:31]} 13. bxc3
{[%clk 1:24:07]} Nd5 {[%clk 1:26:44]} 14. Bxd5 {[%clk 1:22:50]} exd5
{[%clk 1:26:57]} 15. Qg4 {[%clk 1:20:34]} Qg6 {[%clk 1:25:14]} 16. Qxg6
{[%clk 1:16:13]} hxg6 {[%clk 1:25:29]} 17. Rfb1 {[%clk 1:15:16]} Bc6
{[%clk 1:24:35]} 18. Ra5 {[%clk 1:10:50]} a6 {[%clk 1:20:05]} 19. Rba1
{[%clk 1:09:12]} Bb7 {[%clk 1:19:23]} 20. Bxb8 {[%clk 1:08:02]} Rfxb8
{[%clk 1:19:32]} 21. Rb1 {[%clk 1:07:36]} Bc8 {[%clk 1:14:00]} 22. Rb4
{[%clk 1:07:26]} Kf8 {[%clk 1:05:21]} 23. Nf3 {[%clk 1:04:35]} f6
{[%clk 1:04:32]} 24. Ne1 {[%clk 1:01:27]} Ke7 {[%clk 1:03:28]} 25. Nc2
{[%clk 1:01:03]} Kd6 {[%clk 1:02:58]} 26. Rb2 {[%clk 1:00:49]} Rb6
{[%clk 0:51:57]} 27. Nb4 {[%clk 0:57:39]} Bb7 {[%clk 0:51:03]} 28. Rba2
{[%clk 0:56:56]} f5 {[%clk 0:47:44]} 29. h4 {[%clk 0:54:18]} Ke6 {[%clk 0:45:08]}
30. g3 {[%clk 0:53:59]} Kf6 {[%clk 0:45:02]} 31. Kg2 {[%clk 0:53:53]} g5
{[%clk 0:44:26]} 32. hxg5+ {[%clk 0:52:16]} Kxg5 {[%clk 0:43:36]} 33. Ra1
{[%clk 0:51:16]} Rh6 {[%clk 0:40:13]} 34. R1a2 {[%clk 0:47:41]} Kg4
{[%clk 0:38:41]} 35. Ra1 {[%clk 0:45:17]} Rah8 {[%clk 0:37:43]} 36. f3+
{[%clk 0:43:36]} Kg5 {[%clk 0:38:01]} 37. Rg1 {[%clk 0:43:22]} Rh2+
{[%clk 0:37:21]} 38. Kf1 {[%clk 0:43:41]} Rb2 {[%clk 0:36:45]} 39. Ra3
{[%clk 0:42:51]} Rhh2 {[%clk 0:36:42]} 40. Ra1 {[%clk 0:42:16]} a5
{[%clk 0:36:51]} 41. g4 {[%clk 0:41:48]} f4 {[%clk 0:36:22]} 42. exf4+
{[%clk 0:41:24]} Kxf4 {[%clk 0:36:44]} 0-1